000 00803nas a2200277 4500
001 BR9902676
003 BR-BrBNA
005 20231205101433.0
007 ta
008 230509b bl.|||p| |||| 00| 00por d
040 _aBR-BrBNA
_bpor
_cBiblioteca Nacional de Agricultura
041 _a(Pt)
072 _aL53
100 1 _aNogueira, C.E.W.
100 1 _aSilva, J.H.S. da
100 1 _aSilva, C.A.M.
100 1 _aRubin, M.I.B.
245 1 _aInducao da ovulacao na egua com gonadotropina corionica e prostaglandinas
650 _aEgua
650 _aOvulacao
650 _aGonadotropina
650 _aProstaglandina
773 0 _tRevista Cientifica Rural (Brazil)
_xISSN 1413-8263
_g(1996), v. 1(1) p. 26-30
_wBR9902676
909 _a202311
_bLúcia
_c55
_dLúcia Elande
942 _2AGRIS
_n0
_cANA
999 _c161840
_d161840